Zwei Dichterinnen unter Herders Nachkommen

Titel: Zwei Dichterinnen unter Herders Nachkommen : Alexandra von Herder - Gerda von Below / von Kurt Horn
Verfasser:
Veröffentlicht: Berlin ˜[u.a.]œ : Stilke, 1926
Format: Buch
Sprache: Deutsch
Kein Bild verfügbar
X
Lokale Klassifikation: Her 2
alg: 10927208
001A    $03004:04-02-03 
001B    $01999:20-11-16 $t23:36:08.000 
001C    $06002:02-03-06 $t21:01:32.000 
001D    $03004:04-02-03 
001U    $0utf8 
001X    $00 
002@    $0Aau 
003@    $0109272080 
003O    $0174895352 $aOCoLC 
007A    $0109272080 $aHEB 
007T    $0Herdhh109272080 
010@    $ager 
011@    $a1926 
013H    $0z 
021A    $aZwei Dichterinnen unter Herders Nachkommen $dAlexandra von Herder - Gerda von Below $hvon Kurt Horn 
028A    $#Horn, Curt $7 $8Horn, Kurt [Tnd] $9140804749 
033A    $pBerlin {[u.a.] $nStilke 
046R    $aAus: Ostdeutsche Monatshefte ; 7.1926,4 

lok: 10927208 24
101B    $006-12-03 $t23:45:34.000 
101C    $004-02-03 
145Z/01 $aHer 2 
101U    $0utf8 

exp: 10927208 24 1 #EPN
201B/01 $004-02-03 $t16:22:04.000 
201C/01 $004-02-03 
203@/01 $0180170848 
208@/01 $a04-02-03 $br 
209A/01 $aHer II,204 $du $f050 $hHer 2 204 $x00 
209C/01 $a1614 K 57 $h57 1614 K 
209G/01 $a70438615 $x00 
247C/01 $8358050-7 Marburg, Bibliothek des Herder-Instituts Marburg $9102600961 
201U/01 $0utf8 

lok: 10927208 78

exp: 10927208 78 1 #EPN
201B/01 $019-04-17 $t19:09:26.000 
201U/01 $0utf8 
203@/01 $0793414156 
208@/01 $a12-11-16 $be 
209A/01 $a/ $f000 $x00 
237A/01 $aweiterführende Signatur(en): Herder-Institut: Her II,204 
244Z/01 $2Trx $8--Trx--Monographie $x01 $9391384546 
247C/01 $82080>Marburg/Lahn, Herder-Institut, Forschungsbibliothek, Bibliographieportal $9336309341
LEADER 00000cam a2200000 c 4500
001 109272080
003 DE-603
005 20161120233608.0
007 tu
008 030204s1926 xx |||| | u00||u|ger c
035 |a (DE-599)HEB109272080 
035 |a (OCoLC)174895352 
040 |a DE-603  |b ger  |c DE-603  |d DE-603 
041 |a ger 
100 1 |a Horn, Kurt  |0 (DE-603)140804749 
245 0 0 |a Zwei Dichterinnen unter Herders Nachkommen  |b Alexandra von Herder - Gerda von Below  |c von Kurt Horn 
264 1 |a Berlin ˜[u.a.]œ  |b Stilke  |c 1926 
500 |a Aus: Ostdeutsche Monatshefte ; 7.1926,4 
924 0 |9 Mb 50  |a (DE-603)180170848  |b DE-Mb50  |c HES  |d c  |g Her II,204 
924 0 |9 2080  |a (DE-603)793414156  |b DE-2080  |c HES  |d d  |g /